=LDR 00000nam 2200000 4500 =001 INLIS000000000014511 =005 20130612105806 =008 ***********************************Ind** =035 ##$$0010-061300000014511 =041 ##$$a Ind =082 ##$$a 651.2 =090 ##$$a 651.2, Eko p =100 ##$$a Eko putro w., S =245 ##$$a pengetahuan mesin-mesin kantor, S. Eko Putro W =260 ##$$a 1999 $b Yogyakarta =300 ##$$a vi, 186 hlm, Ilus, 23 cm =650 ##$$a Kantor perlengkapan =850 ##$$a NBPNMAT